01157nam a2200241 a 4500008004100000020001500041050001800056100002000074245008500094250001300179260005800192300002300250350000900273650004000282650002700322650001500349710003600364995012800400995012800528999001700656952012100673952012100794120416s2000 ||||||||||||||||| || u a1901396126 aSB 950.95 Pes aTomlin, C. D. S14aThe pesticide manual : a world compendium. (12th ed.)cedited by C. D. S. Tomlin a12th ed. aFanham, SurreybBritish Crop Protection Councilc2000 axvi, 1250p. : ill. a0.00 aPESTICIDES--HANDBOOKS, MANUALS, ETC 0aCHEMISTRY, AGRICULTURE aPESTICIDES aBritish Crop Protection Council aREFERENCE BOOKSD0.00e735677FCBU-MAIN LIBRARY (Kitwe)H1I95.00jSB 950.95 PesM1UREFERENCEy48654ZReference Collection aREFERENCE BOOKSD0.00e735678FCBU-MAIN LIBRARY (Kitwe)H2I95.00jSB 950.95 PesM2UREFERENCEy48655ZReference Collection c81853d81853 00102lcc4070a001b001cReference Collectiond2023-09-12l0oSB 950.95 Pesp48654r2023-09-12t1w2023-09-12y019 00102lcc4070a001b001cReference Collectiond2023-09-12l0oSB 950.95 Pesp48655r2023-09-12t2w2023-09-12y019